| 000 | 03378cam a2200349 i 4500 | ||
|---|---|---|---|
| 999 |
_c11291 _d11291 |
||
| 001 | 21408523 | ||
| 003 | GZU | ||
| 005 | 20240520115613.0 | ||
| 008 | 200129s2021 moua b 001 0 eng | ||
| 010 | _a 2020932118 | ||
| 020 |
_a9780323661829 _q(paperback) |
||
| 020 |
_z9780323674478 _q(ebook) |
||
| 022 | _a. | ||
| 040 |
_aDLC _beng _erda _cDLC |
||
| 042 | _apcc | ||
| 050 | 0 | 0 |
_aRC440 _bVAL 2021 |
| 100 | 1 |
_aMorrison-Valfre, Michelle, _eauthor. |
|
| 245 | 1 | 0 |
_aFoundations of mental health care/ _cMichelle Morrison-Valfre. |
| 250 | _aSeventh edition. | ||
| 264 | 1 |
_aSt. Louis, Missouri: _bElsevier, Inc., _c[2021] |
|
| 300 |
_axviii, 437 pages: _billustrations (chiefly color); _c28 cm |
||
| 336 |
_atext _btxt _2rdacontent |
||
| 337 |
_aunmediated _bn _2rdamedia |
||
| 338 |
_avolume _bnc _2rdacarrier |
||
| 504 | _aIncludes bibliographical references (pages 408-416) and index. | ||
| 505 | _aUnit I: The history of mental health care. Current mental health care systems -- Ethical and legal issues -- Sociocultural issues -- Theories and therapies -- Complementary and alternative therapies -- Psychotherapeutic drug therapy -- Unit II: The caregiver's therapeutic skills. Principles and skills of mental health care -- Mental health assessment skills -- Therapeutic communication -- The therapeutic relationship -- The therapeutic environment -- Unit III: Mental health problems throughout the life cycle. Problems of childhood -- Problems of adolescence -- Problems of adulthood -- Problems of late adulthood -- Cognitive impairment, Alzheimer's disease, and dementia -- Unit IV: Clients with psychological problems. Managing anxiety -- Illness and hospitalization -- Loss and grief -- Depression and other mood disorders -- Physical problems, psychological sources -- Eating and sleeping disorders -- Dissociative disorders -- Unit V: Clients with psychosocial problems. Anger and aggression -- Outward-focused emotions: violence -- Inward-focused emotions: suicide -- Substance-related disorders -- Sexual disorders -- Personality disorders -- Schizophrenia and other psychoses -- Chronic mental health disorders -- Challenges for the future -- Appendix A: Mental status assessment at a glance -- Appendix B: A simple assessment of Tardive Dyskinesia symptoms -- References -- Bibliography -- Glossary -- Index. | ||
| 520 | _aBuild a broad fundamental knowledge of mental health concepts and disorders! "Foundations of Mental Health Care, 7th Edition" uses an easy-to-read, multi-disciplinary approach to describe the treatment of clients with mental health disorders. Ideal for nurses and other caregivers, this guide provides in-depth coverage of issues and principles, therapeutic skills, mental health problems throughout the lifecycle, and specific psychological and psychosocial conditions. This edition is updated with the latest information on violence, suicide, substance abuse, and more. Written by expert educator Michelle Morrison-Valfre, this resource enables you to provide effective therapy to clients with a wide range of maladaptive behaviors. -- From product description. | ||
| 650 | 0 | _aPsychiatric nursing. | |
| 906 |
_a7 _bcbc _corignew _d2 _eepcn _f20 _gy-gencatlg |
||
| 942 |
_2lcc _cBK _eSeventh edition _h440 _iVAL _kRC |
||